000 00827aam a2200289 i 4500
001 768714001
003 CO-MdFUSB
005 20250527172458.0
007 ta
008 250527t1985 -us||||| |||| 00| 0 eng d
020 _a0-87784-594-8
040 _cCO-MdFUSB
041 0 _aeng
082 0 4 _223
_a248.419
_bL898r
100 1 _aLovelace, Richard F.
_eautor
245 1 0 _aRenewal as a way of life :
_ba guidebook for spiritual growth
_c/ Richard F. Lovelace
264 1 _bInterVarsity Press,
_aDowners Grove, ILL., USA : InterVarsity
_c[1985]
264 4 _c©1985
300 _a206 páginas
336 _atexto
_btxt
_2rdacontent
337 _2rdamedia
_asin mediación
_bn
338 _2rdacarrier
_avolumen
_bnc
563 _aRústico
650 1 0 _aVida espiritual
_951
942 _cBK
945 _aElías Tolentino
999 _c36023
_d36023